|
|
|
|
| LEADER |
01567nam a2200289 a 4500 |
| 001 |
GR-MES16590 |
| 008 |
140716s2012 gr gz 000 0 gre d |
| 040 |
|
|
|a GrPaTEI
|b gre
|c GR-PaULI
|
| 040 |
|
|
|a GrPaTEI
|b gre
|c GR-PaULI
|
| 100 |
1 |
|
|a Μόσχου, Παρασκευή Α.
|
| 245 |
1 |
0 |
|a Ειδικά θέματα λογιστικής και φοιρολογίας τεχνικών επιχειρήσεων /
|c Σπουδαστές:Παρασκευή Α.Μόσχου,Κωνσταντίνα Χ.Παπακωστοπούλου ; Επιβλέπων:Ιωάννης Σταμάτης.
|
| 260 |
|
|
|a Μεσολόγγι :
|b ΤΕΙ Δυτικής Ελλάδας,
|c 2012
|
| 300 |
|
|
|a 128σ. :
|b εικ.,σχημ.
|
| 500 |
|
|
|a βιβλιογραφία:σ.126
|
| 650 |
|
4 |
|a Διεθνή λογιστικά πρότυπα
|
| 650 |
|
4 |
|a Επιχειρήσεις
|x Φορολογία
|
| 650 |
|
4 |
|a Πτυχιακή εργασία
|y 2012
|
| 650 |
|
4 |
|a Χρηματοοικονομική ανάλυση
|
| 700 |
1 |
|
|a Παπακωστοπούλου, Κωνσταντίνα Χ.
|
| 700 |
1 |
|
|a Σταμάτης, Ιωάννης
|
| 710 |
0 |
|
|a ΤΕΙ Δυτικής Ελλάδας
|
| 710 |
2 |
|
|a Σ.Δ.Ο. Τμήμα Λογιστικής
|
| 856 |
4 |
0 |
|u https://nereus.library.upatras.gr/formermes//ptyxiakes/sdo/sdo_log/2011-2015/177pe.pdf
|
| 942 |
|
|
|2 ddc
|
| 952 |
|
|
|0 0
|1 0
|2 ddc
|4 0
|7 0
|9 274591
|a MSLG
|b MSLG
|c BSC
|d 2021-01-17
|e 24
|f 0
|g 0.00
|l 0
|p 24200177
|r 2021-01-17 00:00:00
|t 1
|v 2021.00
|w 2021-01-17
|y BK15
|x 20140716 0 K.G. 0
|x GrPaTEI
|
| 971 |
|
|
|a .b25826396
|b 15-04-20
|c 13-09-16
|
| 999 |
|
|
|c 158923
|d 158923
|